000 00528nam a2200181 i 4500
001 40928
003 ES-MaACL
005 20230906160336.0
007 t|
008 030307s1973 sp ||||1| spa d
100 1 _aCarlisle, Henry.
_935286
245 1 0 _aViaje al 1º de diciembre /
_cHenry Carlisle ; [traducido por Mª Antonia Oliver].
250 _a1ª ed.
260 _aBarcelona :
_bGrijalbo,
_c[1973]
300 _a287 p. ;
_c20 cm.
700 1 _aOliver, María Antonia.
_986823
852 _aES-MaACL
_jC-56154
_bR.88685
999 _c40928
_d40928